Medea

Guardado en:
Detalles Bibliográficos
Autor principal: Eurípides (Autor)
Formato: Libro
Lenguaje:español
Publicado: Santiago Random House 2015
Edición:1a. ed
Colección:Penguin Clásicos
Materias:
Etiquetas: Agregar Etiqueta
Sin Etiquetas, Sea el primero en etiquetar este registro!

MARC

LEADER 00000cam a2200000 a 4500
001 UCE8852
003 CL-VaPUC
008 150904e20150000cl |||||||||||||||||spa|d
020 |a 9789569687020 
082 0 4 |a 882  |b EUR  |2 21 
100 0 |a Eurípides  |e author  |9 269419 
245 1 0 |a Medea 
250 |a 1a. ed 
300 |a 144 p 
942 |c BK 
945 |d 20150904 11:50:00  |a gsalatino 
260 |a Santiago  |b Random House  |c 2015 
500 |a Versión de Ramón Irigoyen 
650 0 |a Tragedia griega  |9 265362 
650 7 |a TEATRO GRIEGO  |2 CL-VaPUC  |9 581604 
583 |a last modification  |c 20150904 11:50:00  |k Rodrigo Vera 
490 0 |a Penguin Clásicos 
999 |c 360621  |d 360619 
952 |0 0  |1 0  |3 erb  |4 0  |6 882_000000000000000_EUR_2015  |7 0  |8 A  |9 470501  |a BIBHIS  |b BIBHIS  |i 5196655  |o 882 EUR 2015  |p 5196655  |r 2025-01-20  |w 2019-11-23  |y BK  |z Catalogado en:20150904  |k HIS 
952 |0 0  |1 0  |3 erb  |4 0  |6 882_000000000000000_EUR_2015  |7 0  |8 A  |9 470502  |a BIBHIS  |b BIBHIS  |i 5196663  |o 882 EUR 2015  |p 5196663  |r 2025-01-20  |w 2019-11-23  |y BK  |z Catalogado en:20150904  |k HIS